| 000 | 00707nam a2200193 a 4500 | ||
|---|---|---|---|
| 001 | BRCA_1224 | ||
| 005 | 20190320203332.0 | ||
| 008 | 290705s1987----mx-a---###---#000-0#spa-d | ||
| 050 | 4 |
_aNA5257.P8 _b.M38 1987 |
|
| 100 | 1 |
_aMaza, Francisco de la _d1913-1972 _9278 |
|
| 245 | 1 | 0 |
_aLa decoración simbólica de la Capilla del Rosario de Puebla _cFrancisco de la Maza. |
| 250 | _a2 | ||
| 260 |
_aMéxico _bJunta de mejoramiento moral, civíco y material del municipio de Puebla _c1987 |
||
| 300 |
_a56 p. _bil. a color _c28 cm. |
||
| 610 | 2 | 4 |
_aIglesia de Santo Domingo _zPuebla (México) _94010 |
| 650 | 1 | 4 |
_aArquitectura religiosa _94011 |
| 650 | 1 | 4 |
_aDecoración y ornamentación religiosa _94012 |
| 942 |
_2lcc _cB |
||
| 999 |
_c1094 _d1094 |
||